Newton : El genio que descubrió el futuro /

Guardado en:
Autor Principal: Keczender, George
Formato: Deslizar
Series:Biografías
Materias:
Etiquetas: Agregar Etiqueta
Sin Etiquetas, Sea el primero en etiquetar este registro!
LEADER 00837ngm a22002295g 4500
001 CEM.cems021860
008 130507b1993##################0###0#####d
005 20240918144110.0
245 1 0 |a Newton :  |b El genio que descubrió el futuro /  |c George Keczender. 
300 |a 20 
490 0 |a Biografías 
500 |a En soporte VHS, consultar en ventanilla. 
505 0 |a Newton: su personalidad. Explicación de algunas de sus leyes. Ley gravitacional. La vigencia de sus principios matemáticos. 
538 |a Soporte: VHS - Norma: Pal N - Color - Grabación DRD 1993 - Hitachi=4648 
100 1 |a Keczender, George 
082 9 2 |/ BIO-1 
653 |a HISTORIA 
653 |a BIOGRAFIAS 
653 |a NEWTON, ISAAC 
653 |a FISICA 
653 |a NIVEL SECUNDARIO 
859 |a CEMS  |b BIB. CEMS - Depto. Recursos Didacticos  |h 920  |i BIO-1  |k DRD  |p 503.12  |t Ej.1